Statistics for What YouTuber Has More Subscribers

Click here to take the quiz!

General Stats

  • This quiz has been taken 45 times
  • The average score is 21 of 31

Answer Stats

HintAnswer% Correct
Billie Eilish or
Ariana Grande
Ariana Grande
97%
James Charles or
Prestonplayz
James Charles
97%
Justin Bieber or
Rihanna
Justin Bieber
95%
T-Series or
PewDiePie
T-Series
92%
Taylor Swift or
Cocomelon
Cocomelon
86%
Beyoncé or
Mariah Carey
Beyonce
84%
Mr Beast or
Whitney Houston
Mr Beast
78%
Smosh or
Dhar Mann
Smosh
68%
Laurenzside or
Gloom
Gloom
65%
Sssniperwolf or
Snoop Dogg
Sssniperwolf
65%
Nancy Cartwright or
Troom Troom
Troom Troom
65%
Azzyland or
Meghan Trainor
Azzyland
62%
JackSucksAtLIfe or
Bart Baker
Bart Baker
62%
Rebecca Zamolo or
Chad Wild Clay
Chad Wild Clay
62%
KallMeKris or
Tanya Bregar
KallMeKris
62%
Katy Perry or
Trinity & Beyond
Katy Perry
62%
Yammy or
P!nk
P!nk
62%
Tina Turner or
Ross Smith
Ross Smith
62%
Robby or
Thinknoodles
Thinknoodles
62%
Britney Spears or
Vy Qwaint
Vy Qwaint
62%
Zac Efron or
Jacob Cruikshank
Zac Efron
62%
Deligracy or
Dan and Riya
Dan and Riya
59%
Ellen Show or
*NSYNC
Ellen Show
59%
Iggy Azalea or
Backstreet Boys
Iggy Azalea
59%
Lilsimsie or
Lady Gaga
Lady Gaga
59%
Lizzy Capri or
Ryan Prunty
Lizzy Capri
59%
Digital Nex or
Lucas
Lucas
59%
ThatYoutub3Family or
James Turner
ThatYoutub3Family
59%
Vixella or
Plumbella
Vixella
59%
Carter Sharer or
Stephen Sharer
Stephen Sharer
57%
Avril Lavigne or
Ke$ha
Avril Lavigne
49%

Score Distribution

Percentile by Number Answered

Percent of People with Each Score

Your Score History

You have not taken this quiz